| 000 | 01328cam a2200325 a 4500 | ||
|---|---|---|---|
| 001 | 3234 | ||
| 005 | 20250320094408.0 | ||
| 020 | _a9780439106221 | ||
| 040 |
_aDLC _cDLC _dDLC _beng |
||
| 050 | 0 | 0 | _aE184.J5 |
| 082 | 0 | 0 | _a974.7 |
| 100 | 1 | _aBierman, Carol | |
| 245 | 1 | 0 |
_aJourney to Ellis Island : _bhow my father came to America / _cby Bierman, Carol ; illustrated by McGaw, Laurie |
| 250 | _aFirst Scholastic printing , September 1999 | ||
| 260 |
_aNew York : _bScholastic , _c1998 |
||
| 300 |
_a48 pages : _bcolor illustrations ; _c24 cm . |
||
| 505 | _aR | ||
| 520 | _aAn account of the ocean voyage and arrival at Ellis Island of twelve-year-old Julius Weinstein who, along with his mother and younger sister, immigrated from Russia in 1922. | ||
| 521 |
_a750
_bLexile |
||
| 521 |
_aR
_bRaz-Plus |
||
| 650 | 0 |
_aJewish children _zNew York (State) _zNew York _vBiography _vJuvenile literature. |
|
| 650 | 0 |
_aJews, Russian _zNew York (State) _zNew York _vJuvenile literature. |
|
| 650 | 0 |
_aImmigrants _zNew York (State) _vJuvenile literature. |
|
| 650 | 1 |
_aJews _zNew York (State) _zNew York _vBiography. |
|
| 650 | 1 | _aRussian Americans. | |
| 650 | 1 |
_aImmigrants _zNew York (State) |
|
| 700 | 1 |
_aMcGaw, Laurie _eillustrtator |
|
| 906 |
_a7 _bcbc _corignew _d1 _eocip _f19 _gy-gencatlg |
||
| 942 |
_2ddc _cBK _n0 |
||
| 999 |
_c3234 _d3234 |
||